Statistics for Country Name Uniqueness

Click here to take the quiz!

General Stats

  • This quiz has been taken 574 times
  • The average score is 6 of 16

Answer Stats

HintAnswer% Correct
Starts with the letter 'o'Oman
85%
Ends with the letter 'q'Iraq
81%
Has a cardinal direction in its name which is not North or SouthEast Timor
70%
Has a 'j' and a 'z' in its nameAzerbaijan
51%
Has three words, and starts and ends with the letter 'c'Central African Republic
48%
Has 'cc' in its nameMorocco
42%
Has 'ee' in its nameGreece
39%
Has 'oo' in its nameCameroon
35%
Has two instances of the letter 'y'Kyrgyzstan
32%
Is a multi-word name in which all the words start with a vowelUnited Arab Emirates
29%
Is the longest single word country nameLiechtenstein
27%
Uses all the vowels (a, e, i, o, u) once onlyMozambique
24%
Has 'old' in its nameMoldova
23%
Has five instances of the letter 'a'Antigua and Barbuda
14%
Is the longest country name with no repeated lettersSwitzerland
10%
Has all its letters in reverse alphabetical orderTonga
5%

Score Distribution

Percentile by Number Answered

Percent of People with Each Score

Your Score History

You have not taken this quiz